[Event "IRQ-ch (Women)"]
[Site "Sulaymaniyah"]
[Date "2012.03.21"]
[Round "8"]
[White "Al Rufaye, Iman Hasan Mohammed"]
[Black "Mohammed Ameen, Jwan Jamal M"]
[Result "1-0"]
[WhiteElo "2159"]
[BlackElo "1820"]
[PlyCount "63"]
[EventDate "2012.03.17"]
[EventType "tourn"]
[EventRounds "9"]
[EventCountry "IRQ"]
[SourceTitle "EXT 2013"]
[Source "ChessBase"]
[SourceDate "2012.11.22"]
[SourceVersion "1"]
[SourceVersionDate "2012.11.22"]
[SourceQuality "1"]

1. e4 c5 2. Nf3 d6 3. d4 cxd4 4. Nxd4 Nf6 5. Nc3 Nc6 6. g3 a6 7. Bg2 Bd7 8. 0-0 e6 9. Nde2 Be7 10. h3 Rc8 11. Bf4 Qc7 12. a4 0-0 13. g4 e5 14. Be3 Nb4 15. Rc1 Rfd8 16. Ng3 g6 17. g5 Ne8 18. h4 Ng7 19. h5 Ne6 20. Qd2 b5 21. axb5 axb5 22. h6 Qb7 23. Nd5 Nxd5 24. exd5 Nc5 25. f4 Qc7 26. b4 Na4 27. fxe5 dxe5 28. Qf2 Be8 29. Ne4 Bxb4 30. Nf6+ Kh8 31. Nxe8 Rxe8 32. Qf6+ 1-0